| 000 | 00916nac a22002531u 4500 | ||
|---|---|---|---|
| 010 | _a 2004057757 | ||
| 020 | _a0273688472 (alk. paper) | ||
| 082 | 0 | 0 |
_a658.15 _bATR |
| 090 |
_c9405 _d9405 |
||
| 100 | _aAtrill, Peter. | ||
| 245 | 1 | 0 |
_aFinancial accounting for decision makers / _cPeter Atrill and Eddie McLaney. |
| 250 | _a4th ed. | ||
| 260 |
_aNew York : _bPrentice Hall/Financial Times,c2005. _cc2005. |
||
| 300 |
_axxii, 415 p. : _bcol. ill. ; _c27 cm. |
||
| 500 | _aRev. ed of: Financial accounting for non-specialists / Peter Atrill and Eddie McLane. 3rd ed. 2002. | ||
| 500 | _aDistributer: Al-Ahram. | ||
| 504 | _aIncludes bibliographical references and index. | ||
| 511 | _aCatalogued By: Mahitab. | ||
| 650 | 0 | _aAccounting. | |
| 650 | 0 | _aDecision making. | |
| 700 | 1 | _aMcLaney, E. J. | |
| 700 | 1 | _aAtrill, Peter. | |
| 942 |
_cBB _k658.15ATR |
||
| 999 |
_c9405 _d9405 |
||